| 000 | 01067nam a2200277 i 4500 | ||
|---|---|---|---|
| 001 | bg | ||
| 100 | 1 | _aWójtowicz, Michał. | |
| 245 | 1 | 0 |
_aZasady diagnostyki zabezpieczeń antykorozyjnych stalowych konstrukcji budowlanych : _b[instrukcja] / _c[aut. Michał Wójtowicz, Wojciech Piwowarczyk]. |
| 260 |
_aWarszawa : _bInstytut Techniki Budowlanej, _c2008. |
||
| 300 |
_a25 s. ; _c24 cm. |
||
| 490 | 1 |
_aInstrukcje. Wytyczne. Poradniki / Instytut Techniki Budowlanej ; _v441/2008 |
|
| 650 | 9 |
_aKorozja _xzapobieganie i ochrona |
|
| 650 | 9 |
_aPowłoki ochronne _xbadanie _xnormalizacja |
|
| 650 | 9 |
_aKonstrukcje stalowe _xochrona i konserwacja |
|
| 655 | _aInstrukcje | ||
| 830 |
_aInstrukcje. Wytyczne. Poradniki - Instytut Techniki Budowlanej ; _v441/2008 |
||
| 020 | _a9788324919185 | ||
| 040 | _cBPK | ||
| 041 | 0 | _apol | |
| 044 | _aPOL | ||
| 080 | _a620.19:669.1:006.3/.8](083.1) | ||
| 920 | _a978-83-249-1918-5 | ||
| 942 | _cKS | ||
| 008 | 090504s2008 pl a |001 0 pol | ||
| 999 |
_c49821 _d49821 |
||
| 856 |
_uhttp://koha.tu.koszalin.pl/cgi-bin/koha/opac-detail.pl?biblionumber=49821 _yKatalog online BPK |
||